Sociálno-ekonomický rozvoj regionálnych mestských štruktúr v Slovenskej republike

Gespeichert in:
Bibliographische Detailangaben
1. Verfasser: Ivaničková, Alžbeta
Weitere Verfasser: Vlčková, Viera
Format: Buchkapitel
Sprache:Slowakisch
Tags: Tag hinzufügen
Keine Tags, Fügen Sie das erste Tag hinzu!

MARC

LEADER 00000naa$a2200000$$$4500
001 0061717
005 20240502083148.5
041 0 |a slo 
044 |a CZ 
245 1 0 |a Sociálno-ekonomický rozvoj regionálnych mestských štruktúr v Slovenskej republike  |c Alžbeta Ivaničková, Viera Vlčková 
100 1 |a Ivaničková, Alžbeta 
700 1 |a Vlčková, Viera